000 00684nam a2200205Ia 4500
003 GCL
008 140319s9999 xx 000 0 ara d
040 _aGCL /
_cGCL
082 0 4 _aد
_b050
100 1 _aمحمد الرميحى
245 1 0 _aالنفط والعلاقات الدولية وجهة نظر عربية (عالم المعرفة 52) /
_cمحمد الرميحى
300 _a251 ص
490 _aعالم المعرفة
_v0
650 0 4 _aالبترول
650 0 4 _aالجيولوجيا الاقتصادية
650 0 4 _aالجيولوجيا البنائية
650 0 4 _aمصادر الطاقة
650 0 4 _aالبترول - اتفاقيات
942 _2ddc
_cBK
999 _c50368
_d50368